عرض عادي
عرض مارك
- علم البيئة البحرية
دخول Topical Term
001 - CONTROL NUMBER
- control field: 27720
003 - CONTROL NUMBER IDENTIFIER
- control field: AE-AdECS
005 - DATE AND TIME OF LATEST TRANSACTION
- control field: 20260326095953.0
008 - FIXED-LENGTH DATA ELEMENTS
- fixed length control field: 260326|| aca||aabn | a|a d
040 ## - CATALOGING SOURCE
- Original cataloging agency: AE-AdECS
- Transcribing agency: AE-AdECS
150 ## - HEADING--TOPICAL TERM
- Topical term or geographic name entry element: علم البيئة البحرية
- General subdivision: في البحر الأحمر
670 ## - SOURCE DATA FOUND
- Source citation: Work cat.: (AE-AdECS)294537: السروي، أحمد مؤلف. 27717, البحر الأحمر :
